Anadolu'da aydınlanma ateşini yakanlar, 2 (Record no. 3887)

MARC details
000 -BAŞLIK
Sabit Uzunlukta Kontrol Alanı 00848na a2200253 4500
001 - KONTROL NUMARASI
Denetim Alanı 17411
003 - KONTROL NUMARASI IDENTIFIER
Denetim Alanı MIRAKIL
005 - SON İŞLEM TARİHİ VE ZAMANI
Denetim Alanı 20181213154946.0
008 - SABİT-BOY VERİ ELEMANLARI - GENEL BİLGİLER
Sabit Uzunlukta Kontrol Alanı 161024b tu 000 0
020 ## - ULUSLARARASI STANDART KİTAP NUMARASI
Uluslararası Standart Kitap Numarası 9789759813192
040 ## - KATALOGLAMA KAYNAK
Orijinal Kataloglama Ajansı Milas
Kataloglama Dili tur
Metne Dönüştürmek Ajansı TR-AnCHP
041 ## - DİL KODU
Metin / Ses Parça Veya Ayrı Başlığın Dil Kodu tur
082 ## - DEWEY ONLU SINIFLANDIRMA NUMARASI
Sınıflandırma Numarası 370.72092
Ürün Numarası A74a 2011
090 ## - SINIFLAMA NUMARASI
Sınıflama Numarası 370.72092 A74a 2011
100 ## - ANA GİRİŞ - KİŞİSEL İSİM
Kişisel Ad Atıcı, Erdal
245 ## - BAŞLIK TABLOSU
Başlık Anadolu'da aydınlanma ateşini yakanlar, 2
Başlığın Kalan köy enstitülülerle söyleşiler
Sorumluluk Tablosu, Vb Erdal Atıcı
260 ## - YAYIN, DAĞITIM, VB
Yayın, Dağıtım, Vb Yeri Ankara
Yayıncı, Dağıtıcı, Vs Adı Köy Enstitüleri ve Çağdaş Eğitim Vakfı
Yayın, Dağıtım, Vb Tarihi 2011
300 ## - FİZİKSEL TANIM
Kapsam 295 s.
Diğer Fiziksel Ayrıntıları fotg.
Boyutlar 22 sm
440 ## - SERİSİ TABLOSU / KATMA GİRİŞİ - BAŞLIK
Başlık Köy Enstitüleri ve Çağdaş Eğitim Vakfı yayınları
Bir İşin Parçası / Bölümün İsmi Tanıtım dizisi
Hacim / Ardışık Tanımı 24
500 ## - GENEL NOT
Genel Not Yapıt yazarından imzalıdır.
650 ## - KONU KATMA GİRİŞ - TOPİKAL DÖNEM
Topikal Süreli Veya Coğrafi Ad Giriş Elemanı Köy enstitüleri
Genel Alt Bölümü Söyleşiler
650 ## - KONU KATMA GİRİŞ - TOPİKAL DÖNEM
Topikal Süreli Veya Coğrafi Ad Giriş Elemanı Köy enstitüleri
Genel Alt Bölümü Anılar
942 ## - EKLENDİ GİRİŞ ELEMANLARI (KOHA)
Sınıflandırma Veya Raf Düzeni Kaynak
Koha Öğesi Türü Books
999 ## - SİSTEM KONTROL NUMARALARI (KOHA)
Koha Biblionumber 3887
Koha Biblioitemnumber 3887
Holdings
Kalıcı Konum Mevcut Konum Edinme Tarihi Edinim Kaynak Toplam Check-Out'Lar Tam Çağrı Numarası Barkod Tarih Son Görülme İtibaren Geçerli Fiyatlar Koha Öğesi Türü
CHP Kütüphanesi CHP Kütüphanesi 10/24/2016 Bağış   370.72092 A74a 2011 007656 10/24/2016 10/24/2016 Books